000 00928cam a2200229 4500
008 040721n2002 000 0 eng u
020 _a0340850515
035 _a(Sirsi) u126861
041 _aeng
050 _a658.99
110 _aManagement Consultancies Association
_9516
245 _aConsulting into the future: the key skills
260 _aAbingdon
_bHodder & Stoughton
_c2002
300 _axii,164p. ; 25cm.
350 _a16.99
520 _aThis book offers a unique perspective on the consulting skills that the MCA believes every organisation will need in the future. Its authors are actively involved in inspirational work and they bring a wide range of perspectives on how they think a good consultant can literally change our world.
650 _aCHANGE MANAGEMENT
650 _aManagement consultancy
_96255
690 _aMANAGEMENT-BUSINESS MANAGEMENT
700 _aLee, Karen
_xEditor
942 _n0
999 _c103664
_d103664